000 00488nam a2200193 a 4500
001 1770288092205
003 YourLibrary
005 20260205161445.0
008 260205s2006##################000#0#eng##
020 _a9780745315652
082 0 4 _a305.896
_bHAD
100 1 _aFanon, Frantz,
_eauthor.
245 1 0 _aThe Fanon Reader :
260 _bPluto Press (UK),
_c2006.
300 _a206 pages
650 0 _aPhilosophy.
942 _cENGLISH
040 _aYourLibrary
_beng
_cYourLibrary
999 _c610578
_d610578